Statystyki dla Wpisz 25 miast według ludności w Polsce!

Kliknij tutaj aby rozwiązać quiz!

Ogólne statystyki

  • Ten quiz został rozwiązany 145 razy
  • Średni wynik to 19 z 25

Statystyki odpowiedzi

PodpowiedźOdpowiedź% Poprawnych
1 794 166Warszawa
100%
779 996Kraków
99%
470 907Gdańsk
97%
687 702Łódź
95%
532 048Poznań
94%
643 782Wrocław
93%
246 348Gdynia
91%
398 229Szczecin
90%
292 774Katowice
87%
296 401Białystok
86%
340 466Lublin
85%
344 091Bydgoszcz
84%
183 901Rzeszów
79%
199 469Toruń
78%
196 335Kielce
74%
173 718Olsztyn
69%
213 029Radom
68%
141 222Zielona Góra
68%
212 872Częstochowa
67%
181 310Gliwice
62%
199 974Sosnowiec
62%
173 682Zabrze
62%
171 277Bielsko-Biała
48%
167 672Bytom
46%
139 823Rybnik
32%

Rozkład punktacji

Percentyl według liczby udzielonych odpowiedzi

Procent ludzi z każdym wynikiem

Twoja historia wyników

Nie rozwiązałeś tego quizu